<?xml version="1.0" encoding="UTF-8"?>
<record
    xmlns:xsi="http://www.w3.org/2001/XMLSchema-instance"
    xsi:schemaLocation="http://www.loc.gov/MARC21/slim http://www.loc.gov/standards/marcxml/schema/MARC21slim.xsd"
    xmlns="http://www.loc.gov/MARC21/slim">

  <leader>03533cam a22002777a 4500</leader>
  <controlfield tag="001">711</controlfield>
  <controlfield tag="005">20240301111425.0</controlfield>
  <datafield tag="020" ind1=" " ind2=" ">
    <subfield code="a">906718294X</subfield>
  </datafield>
  <datafield tag="020" ind1=" " ind2=" ">
    <subfield code="a">9789067182942</subfield>
  </datafield>
  <datafield tag="040" ind1=" " ind2=" ">
    <subfield code="a">COO</subfield>
    <subfield code="c">COO</subfield>
    <subfield code="d">YDXCP</subfield>
    <subfield code="d">BAKER</subfield>
    <subfield code="d">OUN</subfield>
    <subfield code="d">OHX</subfield>
    <subfield code="d">NLGGC</subfield>
    <subfield code="d">BTCTA</subfield>
    <subfield code="d">WEA</subfield>
    <subfield code="d">VRC</subfield>
    <subfield code="d">MUQ</subfield>
    <subfield code="d">PUL</subfield>
    <subfield code="d">DLC</subfield>
    <subfield code="b">eng</subfield>
  </datafield>
  <datafield tag="050" ind1="0" ind2="0">
    <subfield code="a">QH541.15.E19</subfield>
    <subfield code="b">W67 2007</subfield>
  </datafield>
  <datafield tag="082" ind1="0" ind2="0">
    <subfield code="a">304.20959</subfield>
    <subfield code="2">22</subfield>
  </datafield>
  <datafield tag="100" ind1=" " ind2=" ">
    <subfield code="a">Boomgaard, Peter</subfield>
  </datafield>
  <datafield tag="245" ind1="0" ind2="2">
    <subfield code="a">A world of water :</subfield>
    <subfield code="b">rain, rivers and seas in Southeast Asian histories /</subfield>
    <subfield code="c">edited by Peter Boomgaard.</subfield>
  </datafield>
  <datafield tag="260" ind1=" " ind2=" ">
    <subfield code="a">Leiden :</subfield>
    <subfield code="b">KITLV Press,</subfield>
    <subfield code="c">2007.</subfield>
  </datafield>
  <datafield tag="300" ind1=" " ind2=" ">
    <subfield code="a">viii, 368 pages :</subfield>
    <subfield code="b">illustrations, maps ;</subfield>
    <subfield code="c">24 cm.</subfield>
  </datafield>
  <datafield tag="505" ind1="0" ind2="0">
    <subfield code="g">Preface,</subfield>
    <subfield code="t">In a state of flux : water as a deadly and a life-giving force in Southeast Asia /</subfield>
    <subfield code="r">Peter Boombaard --</subfield>
    <subfield code="t">Geography as destiny? : the role of water in Southeast Asian history /</subfield>
    <subfield code="r">Heather Sutherland --</subfield>
    <subfield code="t">Of gods and monsters : indigenous sea cosmologies, promiscuous geographies and the depths of local sovereignty /</subfield>
    <subfield code="r">Sandra Pannell --</subfield>
    <subfield code="t">Toothy tale : a short history of shark fisheries and trade in shark products in twentieth-century Indonesia /</subfield>
    <subfield code="r">Manon Osseweijer --</subfield>
    <subfield code="t">Tale of two centuries : the globalization of maritime raiding and piracy in Southeast Asia at the end of the eighteenth and twentieth centuries /</subfield>
    <subfield code="r">James F. Warren --</subfield>
    <subfield code="t">Storms of history : water, hazard and society in the Philippines, 1565-1930 /</subfield>
    <subfield code="r">Greg Bankoff --</subfield>
    <subfield code="t">Communal irrigation : a comparative perspective /</subfield>
    <subfield code="r">Robert C. Hunt --</subfield>
    <subfield code="t">Geographical explanations for the distribution of irrigation institutions : cases from Southeast Asia /</subfield>
    <subfield code="r">Willem Wolters --</subfield>
    <subfield code="t">Water and rice in early Java and Bali /</subfield>
    <subfield code="r">Jan Wisseman Christie --</subfield>
    <subfield code="t">Contestation over a life-giving force : water rights and conflicts, with special reference to Indonesia /</subfield>
    <subfield code="r">Franz von Benda-Beckmann --</subfield>
    <subfield code="t">Role of waterborne diseases in Malaysia /</subfield>
    <subfield code="r">Foong Kin --</subfield>
    <subfield code="t">Privatizing water : the Jakarta concession and the limits of contract /</subfield>
    <subfield code="r">Okke Braadbaart --</subfield>
    <subfield code="t">Politics of environmental and water pollution in East Java /</subfield>
    <subfield code="r">Anton Lucas and Arief W. Djati.</subfield>
  </datafield>
  <datafield tag="520" ind1=" " ind2=" ">
    <subfield code="a">Water, in its many guises, has always played a powerful role in shaping Southeast Asian histories, cultures, societies and economies. This volume, the rewritten results of an international workshop, with participants from eight countries, contains thirteen essays, representing a broad range of approaches to the study of Southeast Asia with water as the central theme. As it was exposed to the sea, the region was more accessible to outside political, economic and cultural influences than many landlocked areas. Easy access through sea routes also stimulated trade from an early age. However, the same easy access made Southeast Asia vulnerable to political control by strong outsiders. The sea is, moreover, a source of food, but also of many hazards. At the same time, Southeast Asian societies and cultures are confronted with and permeated by 'water from heaven' in the form of rain, flash floods, irrigation water, water in rivers, brooks and swaps, water-driven power plants, and pumped or piped water, in addition to water as a carrier of sewage and pollution. Finally, the volume deals with the role of water in classification systems, beliefs, myths, illness and healing. Full Text (Open Access)</subfield>
  </datafield>
  <datafield tag="650" ind1=" " ind2="0">
    <subfield code="a">Ecohydrology</subfield>
    <subfield code="z">Southeast Asia</subfield>
    <subfield code="x">History.</subfield>
  </datafield>
  <datafield tag="650" ind1=" " ind2="0">
    <subfield code="a">Water</subfield>
    <subfield code="x">Social aspects</subfield>
    <subfield code="z">Southeast Asia.</subfield>
  </datafield>
  <datafield tag="650" ind1=" " ind2="0">
    <subfield code="a">Water in agriculture</subfield>
    <subfield code="z">Southeast Asia.</subfield>
  </datafield>
  <datafield tag="650" ind1=" " ind2="0">
    <subfield code="a">Water</subfield>
    <subfield code="x">Pollution</subfield>
    <subfield code="z">Southeast Asia.</subfield>
  </datafield>
  <datafield tag="700" ind1="1" ind2=" ">
    <subfield code="a">Boomgaard, P.,</subfield>
    <subfield code="d">1946-2017</subfield>
  </datafield>
  <datafield tag="906" ind1=" " ind2=" ">
    <subfield code="a">7</subfield>
    <subfield code="b">cbc</subfield>
    <subfield code="c">copycat</subfield>
    <subfield code="d">2</subfield>
    <subfield code="e">ncip</subfield>
    <subfield code="f">20</subfield>
    <subfield code="g">y-gencatlg</subfield>
  </datafield>
  <datafield tag="942" ind1=" " ind2=" ">
    <subfield code="2">ddc</subfield>
    <subfield code="c">BK</subfield>
    <subfield code="n">0</subfield>
  </datafield>
  <datafield tag="999" ind1=" " ind2=" ">
    <subfield code="c">711</subfield>
    <subfield code="d">711</subfield>
  </datafield>
  <datafield tag="952" ind1=" " ind2=" ">
    <subfield code="0">0</subfield>
    <subfield code="1">0</subfield>
    <subfield code="2">ddc</subfield>
    <subfield code="4">0</subfield>
    <subfield code="7">0</subfield>
    <subfield code="8">NFIC</subfield>
    <subfield code="a">001</subfield>
    <subfield code="b">001</subfield>
    <subfield code="c">TKSNF</subfield>
    <subfield code="d">2024-03-01</subfield>
    <subfield code="l">0</subfield>
    <subfield code="o">BOO 304.20959 QH541.15.E19</subfield>
    <subfield code="p">FISSE04473</subfield>
    <subfield code="r">2023-07-03 14:08:51</subfield>
    <subfield code="w">2024-03-01</subfield>
    <subfield code="y">BK</subfield>
  </datafield>
</record>
